[Event "Botvinnik 100th Open"]
[Site "St Petersburg RUS"]
[Date "2011.08.19"]
[Round "8"]
[White "Senkevich, Konstantin"]
[Black "Nuretdinov, Igor"]
[Result "0-1"]
[WhiteElo "2020"]
[BlackElo "2276"]
[WhiteFideId "4192389"]
[BlackFideId "14700085"]
[EventDate "2011.08.12"]

1. e4 d6 2. f4 Nf6 3. c3 g6 4. Nf3 Bg7 5. Be2 O-O 6. e5 dxe5 7. fxe5 Nd5 8. d4
Nb6 9. O-O c5 10. dxc5 Qxd1 11. Rxd1 N6d7 12. Bg5 Nc6 13. Bb5 Ndxe5 14. Nxe5
Bxe5 15. Bxc6 bxc6 16. Bxe7 Re8 17. Bd6 Bg4 18. Rf1 Bxd6 19. cxd6 Rad8 20. Nd2
Rxd6 21. Rf2 Kg7 22. Nb3 Re5 23. Nd4 c5 24. Nf3 Re3 25. a3 Be6 26. h3 f5 27. Kh2
Kf6 28. Re1 Rxe1 29. Nxe1 Rd1 30. Nf3 g5 31. Rd2 Rxd2 32. Nxd2 Ke5 33. Kg3 Bd5
34. b4 cxb4 35. axb4 h5 36. Kf2 h4 37. c4 Ba8 38. Nf3+ Ke4 39. Ke2 a6 40. Kd2
Kf4 41. Ke2 Kg3 42. Kf1 g4 43. hxg4 fxg4 44. Ne1 Be4 45. c5 h3 46. Kg1 h2+ 47.
Kh1 Bc6 48. Nf3 gxf3 49. gxf3 Bxf3# 0-1

[Event "Botvinnik 100th Open"]
[Site "St Petersburg RUS"]
[Date "2011.08.19"]
[Round "8"]
[White "Nikitinyh, Boris"]
[Black "Fokin, Anatoly"]
[Result "1-0"]
[WhiteElo "2234"]
[BlackElo "1855"]
[WhiteFideId "4198328"]
[BlackFideId "24124451"]
[EventDate "2011.08.12"]

1. e4 e5 2. Nf3 Nc6 3. Bb5 a6 4. Ba4 Nf6 5. O-O b5 6. Bb3 Be7 7. Re1 d6 8. c3
Na5 9. Bc2 c5 10. d3 O-O 11. Nbd2 Nc6 12. Nf1 Kh8 13. Ng3 Ng8 14. a4 b4 15. h3
a5 16. Nd2 g6 17. Nf3 Bf6 18. Be3 Qc7 19. Qd2 Bg7 20. d4 c4 21. d5 bxc3 22. bxc3
Nce7 23. Rab1 f5 24. Bb6 Qd7 25. Qe2 Nf6 26. Ng5 Nfxd5 27. exd5 Nxd5 28. Qxc4
Nxb6 29. Rxb6 Qe7 30. Nf3 Be6 31. Qc6 Rfd8 32. Rb7 Qf6 33. Rd1 Bf8 34. Bb3 Rac8
35. Qb5 Rxc3 36. Bxe6 Qxe6 37. Ng5 Qc8 38. Rxh7+ Kg8 39. Qd5+ 1-0

[Event "Botvinnik 100th Open"]
[Site "St Petersburg RUS"]
[Date "2011.08.19"]
[Round "8"]
[White "Antipova, Anastasia"]
[Black "Kiselev, Pavel"]
[Result "0-1"]
[WhiteElo "1794"]
[BlackElo "2191"]
[WhiteFideId "24178705"]
[BlackFideId "4191102"]
[EventDate "2011.08.12"]

1. e4 c5 2. c3 d5 3. exd5 Qxd5 4. d4 Nf6 5. Nf3 Bg4 6. Qa4+ Nc6 7. Bc4 Qe4+ 8.
Be3 Bxf3 9. Nd2 Qg4 10. gxf3 Qd7 11. Ne4 cxd4 12. cxd4 e6 13. Nxf6+ gxf6 14.
O-O-O Nb4 15. Bb5 Nc6 16. Kb1 a6 17. Bc4 Ne7 18. Qxd7+ Kxd7 19. d5 e5 20. d6 Nf5
21. Bxf7 Bxd6 22. Bd5 Rab8 23. Be4 Nxe3 24. fxe3 b6 25. Rd3 Ke7 26. Rhd1 Rhd8
27. Rb3 Bc5 28. Rxd8 Rxd8 29. Bxh7 Rh8 30. Bd3 Bxe3 31. Bxa6 Bd4 32. Rd3 Rxh2
33. Rb3 Ke6 34. Bb7 Kf5 35. Bd5 Kf4 36. Kc1 Be3+ 37. Kb1 Rh1+ 38. Kc2 Rc1+ 39.
Kd3 Rd1+ 40. Kc4 Rd4+ 0-1

[Event "Botvinnik 100th Open"]
[Site "St Petersburg RUS"]
[Date "2011.08.19"]
[Round "8"]
[White "Kobzar, Alexandr"]
[Black "Dushin, Nikolay"]
[Result "1-0"]
[WhiteElo "2184"]
[BlackElo "2010"]
[WhiteFideId "14113660"]
[BlackFideId "4114612"]
[EventDate "2011.08.12"]

1. e4 c5 2. Nf3 Nc6 3. d4 cxd4 4. Nxd4 Nf6 5. Nc3 d6 6. Bg5 Bd7 7. Qd2 Nxd4 8.
Qxd4 Qa5 9. Bd2 e5 10. Qd3 Qc7 11. Nb5 Bxb5 12. Qxb5+ Qc6 13. Qxc6+ bxc6 14. f3
Rb8 15. O-O-O Be7 16. Ba5 Kd7 17. g3 Bd8 18. Bc3 Ke7 19. Bg2 Bc7 20. f4 Nd7 21.
h4 f6 22. h5 h6 23. Kd2 Bb6 24. Ke2 a5 25. Rb1 Nc5 26. b3 Ne6 27. Bd2 Rhd8 28.
c3 Ra8 29. Rhd1 Nc7 30. a4 Ne6 31. Bc1 Bc5 32. Bh3 Rdb8 33. Bd2 Nc7 34. fxe5
fxe5 35. Rf1 Ne8 36. Bf5 Nf6 37. Bg6 Rf8 38. b4 axb4 39. cxb4 Bd4 40. a5 Rab8
41. Rfc1 Rfc8 42. g4 Rb5 43. g5 hxg5 44. Bxg5 Rbb8 45. Bf5 Rc7 46. b5 Bc5 47. b6
Rcb7 48. Rh1 1-0

[Event "Botvinnik 100th Open"]
[Site "St Petersburg RUS"]
[Date "2011.08.19"]
[Round "8"]
[White "Martynenko, Alexey"]
[Black "Gopkin, Nikolaj"]
[Result "1/2-1/2"]
[WhiteElo "2015"]
[BlackElo "2221"]
[WhiteFideId "24102059"]
[BlackFideId "4134869"]
[EventDate "2011.08.12"]

1. e4 e6 2. d4 d5 3. exd5 exd5 4. Bd3 Nf6 5. Nf3 Bg4 6. h3 Bh5 7. Nbd2 c6 8. Nf1
Bd6 9. Qe2+ Kd7 10. Be3 Re8 11. O-O-O Kc7 12. g4 Bg6 13. Ne5 Re7 14. Bxg6 hxg6
15. Nd2 Qe8 16. Qd3 Nfd7 17. Nxd7 Nxd7 18. Nf3 Qf8 19. g5 Rae8 20. h4 Qh8 21.
Qd2 b6 22. Bf4 Re4 23. Bxd6+ Kxd6 24. Qb4+ Kc7 25. Qa3 a5 26. Qd3 Qh5 27. Nd2
Re2 28. Qg3+ Kb7 29. f3 Qh8 30. Qd6 R8e7 31. Ne4 Qe8 32. Ng3 Rg2 33. h5 gxh5 34.
Rxh5 Re1 35. Rh1 Rxh1 36. Nxh1 Qe3+ 37. Kb1 Nb8 38. a3 Rg1 39. Rxg1 Qxg1+ 40.
Ka2 Qxh1 41. Qe7+ Kc8 42. Qe8+ Kc7 43. Qe5+ Kb7 44. Qe7+ Ka6 45. Qxf7 Qh3 46.
Qf8 Kb7 47. Qxg7+ Qd7 48. Qg8 Qf5 49. g6 Qxc2 1/2-1/2

[Event "Botvinnik 100th Open"]
[Site "St Petersburg RUS"]
[Date "2011.08.19"]
[Round "8"]
[White "Tarasov, Ilya"]
[Black "Lagashin, Pavel"]
[Result "0-1"]
[WhiteElo "2006"]
[BlackElo "2178"]
[WhiteFideId "24157945"]
[BlackFideId "24132144"]
[EventDate "2011.08.12"]

1. d4 d5 2. c4 c6 3. Nf3 Nf6 4. Nc3 e6 5. Ne5 Nbd7 6. Bf4 Nxe5 7. dxe5 Nh5 8.
Bd2 d4 9. Ne4 f5 10. exf6 Nxf6 11. Nxf6+ Qxf6 12. g3 e5 13. Bg2 Bf5 14. O-O e4
15. e3 d3 16. f3 exf3 17. Qxf3 Bg6 18. Qg4 Qd6 19. Bc3 h5 20. Qg5 Be7 21. Rf6
gxf6 22. Qxg6+ Kd7 23. Rd1 Kc7 24. Rxd3 Qe6 25. Bh3 Qxh3 26. Qf7 Rae8 27. Bb4
Qf5 0-1

[Event "Botvinnik 100th Open"]
[Site "St Petersburg RUS"]
[Date "2011.08.19"]
[Round "8"]
[White "Latonin, Mikhail"]
[Black "Pen, Pyotr"]
[Result "1-0"]
[WhiteElo "1968"]
[BlackElo "2175"]
[WhiteFideId "24138550"]
[BlackFideId "24129950"]
[EventDate "2011.08.12"]

1. d4 d5 2. c4 c6 3. g3 Bf5 4. Bg2 e6 5. Nf3 Bxb1 6. Rxb1 Qa5+ 7. Bd2 Qxa2 8.
cxd5 Qxd5 9. O-O Nf6 10. e4 Qb5 11. d5 cxd5 12. exd5 Nxd5 13. Nd4 Qd7 14. Qh5
Nc6 15. Nxe6 Nf6 16. Nxf8 Nxh5 17. Nxd7 Kxd7 18. b4 a6 19. b5 axb5 20. Rxb5 Ra2
21. Rd1 1-0

[Event "Botvinnik 100th Open"]
[Site "St Petersburg RUS"]
[Date "2011.08.19"]
[Round "8"]
[White "Burkov, German A."]
[Black "Safronov, Kirill"]
[Result "1-0"]
[WhiteElo "2162"]
[BlackElo "1942"]
[WhiteFideId "24132560"]
[BlackFideId "24141976"]
[EventDate "2011.08.12"]

1. Nf3 d6 2. d4 Nf6 3. g3 g6 4. Bg2 Bg7 5. Nc3 O-O 6. e4 Bg4 7. h3 Bxf3 8. Bxf3
Nbd7 9. Bg2 c5 10. dxc5 Nxc5 11. O-O Rb8 12. Be3 b5 13. e5 Ne8 14. Bxc5 dxc5 15.
Qe2 b4 16. Rfd1 Qc8 17. Nd5 Qe6 18. Re1 Kh8 19. Rad1 Rc8 20. Bf3 h5 21. Nf4 Qf5
22. Rd5 Nc7 23. Rxc5 Ne6 24. Nxe6 fxe6 25. Be4 Rxc5 26. Bxf5 Rxf5 27. Qd2 Kh7
28. Qxb4 Rxc2 29. f4 1-0

[Event "Botvinnik 100th Open"]
[Site "St Petersburg RUS"]
[Date "2011.08.19"]
[Round "8"]
[White "Kaganov, Dmitry"]
[Black "Novikov, Mikhael Ivanovich"]
[Result "1-0"]
[WhiteElo "2160"]
[BlackElo "1926"]
[WhiteFideId "4112482"]
[BlackFideId "24128708"]
[EventDate "2011.08.12"]

1. d4 d5 2. c4 e6 3. Nc3 Nf6 4. Nf3 Be7 5. g3 O-O 6. Bg2 c6 7. O-O Nbd7 8. b3 b6
9. Qc2 Bb7 10. Rd1 Rc8 11. a4 c5 12. dxc5 Bxc5 13. e3 Qe7 14. cxd5 Nxd5 15. Nxd5
Bxd5 16. Qb1 Nf6 17. Ne1 Bxg2 18. Nxg2 Rfd8 19. Bb2 Rxd1+ 20. Qxd1 Rd8 21. Qe2
Ne4 22. Rd1 Rxd1+ 23. Qxd1 a5 24. Nf4 f5 25. h4 Bd6 26. Qc2 Bxf4 27. Qc8+ Kf7
28. exf4 Nc5 29. Qb8 Nb7 30. Qe5 1-0

[Event "Botvinnik 100th Open"]
[Site "St Petersburg RUS"]
[Date "2011.08.19"]
[Round "8"]
[White "Vager, Boris"]
[Black "Kharchenko, Daniil"]
[Result "0-1"]
[WhiteTitle "FM"]
[WhiteElo "2127"]
[BlackElo "1938"]
[WhiteFideId "4118537"]
[BlackFideId "24101664"]
[EventDate "2011.08.12"]

1. d4 d5 2. Nf3 Nf6 3. Bf4 e6 4. e3 Bd6 5. Bxd6 Qxd6 6. c3 O-O 7. Nbd2 Nbd7 8.
Be2 e5 9. dxe5 Nxe5 10. Nxe5 Qxe5 11. Nf3 Qe7 12. O-O c5 13. h3 Bd7 14. Qc2 Bc6
15. Rfe1 Rad8 16. Rad1 Rfe8 17. Qf5 Qc7 18. Qc2 Qa5 19. Qb1 Qc7 20. a3 b6 21. b3
h6 22. Qb2 Qe7 23. a4 Ne4 24. Bd3 Nd6 25. Qc2 Qf6 26. Nd2 Bb7 27. Bf1 Bc8 28.
Bd3 Bb7 29. Be2 d4 30. cxd4 cxd4 31. Bf3 Bxf3 32. Nxf3 dxe3 33. fxe3 Rc8 34. Qd3
Ne4 35. Rc1 Nc5 36. Qc2 Rcd8 37. Rcd1 Rxd1 38. Qxd1 Qc3 39. Qd4 Qxb3 40. a5 Qb5
41. axb6 axb6 0-1

[Event "Botvinnik 100th Open"]
[Site "St Petersburg RUS"]
[Date "2011.08.19"]
[Round "8"]
[White "Petrova, Irina"]
[Black "Babaev, David"]
[Result "0-1"]
[WhiteTitle "WFM"]
[WhiteElo "2125"]
[BlackElo "1846"]
[WhiteFideId "14124122"]
[BlackFideId "4161408"]
[EventDate "2011.08.12"]

1. d4 e6 2. c4 f5 3. Nf3 Nf6 4. Nc3 d5 5. Bf4 c6 6. e3 Bd6 7. Bg3 O-O 8. Bd3 Ne4
9. Qc2 Qe7 10. Ne5 Nd7 11. Nxd7 Bxd7 12. Bxd6 Nxd6 13. g4 dxc4 14. Be2 f4 15. e4
b5 16. e5 Nf7 17. O-O-O f3 18. Bxf3 Nxe5 19. Be4 Nd3+ 20. Bxd3 cxd3 21. Rxd3 Be8
22. Re3 c5 23. d5 b4 24. Nd1 Qb7 25. Rhe1 Bg6 26. Qd2 Qa6 27. b3 exd5 28. Qxd5+
Kh8 29. Qd2 c4 30. Re6 Qc8 31. Rxg6 cxb3+ 32. Kb2 hxg6 33. axb3 Qxg4 34. h3 Qf3
35. Qxb4 Qf6+ 36. Ka2 Rfc8 37. Re4 Rc2+ 38. Kb1 Rac8 39. Rc4 Qf5 40. Rxc8+ Rxc8+
41. Ka2 Qc2+ 42. Nb2 Qxf2 0-1

[Event "Botvinnik 100th Open"]
[Site "St Petersburg RUS"]
[Date "2011.08.19"]
[Round "8"]
[White "Filippov, Anton RUS"]
[Black "Azimova, Karina"]
[Result "1/2-1/2"]
[WhiteElo "1944"]
[BlackElo "2087"]
[WhiteFideId "24104639"]
[BlackFideId "4108310"]
[EventDate "2011.08.12"]

1. e4 e5 2. Bc4 Nf6 3. d3 c6 4. Nf3 d5 5. Bb3 Bd6 6. exd5 cxd5 7. Bg5 e4 8. dxe4
dxe4 9. Qe2 O-O 10. Nfd2 Bf5 11. Nc3 Bb4 12. Nd5 Bxd2+ 13. Qxd2 Nbd7 14. O-O-O
Bg4 15. Rde1 Bf5 16. f3 Re8 17. Qf4 Re5 18. fxe4 Nxd5 19. exd5 Qe8 20. Rxe5 Qxe5
21. Qxe5 Nxe5 22. Re1 Re8 23. Kd2 f6 24. Be3 b6 25. Bd4 Kf8 26. Bxe5 Rxe5 27.
Rxe5 fxe5 1/2-1/2

[Event "Botvinnik 100th Open"]
[Site "St Petersburg RUS"]
[Date "2011.08.19"]
[Round "8"]
[White "Bezulenko, Evgeny"]
[Black "Atlas, Eduard"]
[Result "1-0"]
[WhiteElo "1928"]
[BlackElo "2069"]
[WhiteFideId "24105996"]
[BlackFideId "24111767"]
[EventDate "2011.08.12"]

1. f4 d5 2. Nf3 g6 3. d4 Bg7 4. e3 Nh6 5. Bd3 Bf5 6. h3 Bxd3 7. cxd3 O-O 8. e4
c5 9. Nc3 dxe4 10. dxe4 cxd4 11. Ne2 Nc6 12. O-O Qb6 13. Kh1 Rad8 14. Qb3 Qa6
15. Ng3 Kh8 16. f5 gxf5 17. Bxh6 Bxh6 18. Nxf5 Bg7 19. Nxg7 Kxg7 20. Ng5 Ne5 21.
Rf5 Nc4 22. Raf1 d3 23. Nxf7 Qg6 24. Qxc4 d2 25. Qc3+ Kg8 26. Qh8# 1-0

[Event "Botvinnik 100th Open"]
[Site "St Petersburg RUS"]
[Date "2011.08.19"]
[Round "8"]
[White "Kopasov, Evgeny"]
[Black "Shirokov, Alexander"]
[Result "1-0"]
[WhiteElo "2064"]
[BlackElo "1888"]
[WhiteFideId "4181239"]
[BlackFideId "24178071"]
[EventDate "2011.08.12"]

1. d4 Nf6 2. c4 e6 3. Nc3 Bb4 4. Qc2 Nc6 5. Nf3 d6 6. Bd2 Qe7 7. a3 Bxc3 8. Bxc3
e5 9. d5 Nb8 10. g3 O-O 11. Nh4 g6 12. Ng2 b5 13. e4 Bg4 14. Be2 bxc4 15. O-O
Bxe2 16. Qxe2 c6 17. dxc6 Nxc6 18. Qxc4 Rac8 19. Qd3 Rfd8 20. Ne3 Qe6 21. Rad1
Ne7 22. f4 exf4 23. Rxf4 Nh5 24. Rf2 Nc6 25. g4 Ng7 26. Rf6 Ne5 27. Qf1 Qb3 28.
Rfxd6 Re8 29. Qf6 h5 30. Nf1 Qb5 31. R6d5 Qc6 32. Bxe5 1-0

[Event "Botvinnik 100th Open"]
[Site "St Petersburg RUS"]
[Date "2011.08.19"]
[Round "8"]
[White "Saduakassova, Dinara"]
[Black "Fedoseeva, Valentina"]
[Result "1/2-1/2"]
[WhiteTitle "WFM"]
[WhiteElo "2244"]
[BlackElo "1885"]
[WhiteFideId "13700090"]
[BlackFideId "4169875"]
[EventDate "2011.08.12"]

1. e4 e5 2. Nf3 Nc6 3. Bc4 Nf6 4. d3 Be7 5. c3 O-O 6. Nbd2 d5 7. Bb3 dxe4 8.
dxe4 Nh5 9. Nc4 Nf4 10. Qxd8 Bxd8 11. Kf1 Nd3 12. Ke2 Nxc1+ 13. Raxc1 Bf6 14.
Ne3 Ne7 15. Rhd1 Re8 16. Rd2 c6 17. Rcd1 Ng6 18. g3 Nf8 19. Nc4 Bg4 20. Nd6 Re7
21. Rh1 Rd8 22. h3 Be6 23. Bxe6 Nxe6 24. Rhd1 Red7 25. Nc4 Rxd2+ 26. Rxd2 Rxd2+
27. Kxd2 Nc5 28. Nfxe5 Bxe5 29. Nxe5 Nxe4+ 30. Ke3 Nd6 31. Nd3 Kf8 32. Kd4 Ke7
33. c4 f6 34. c5 Nf5+ 35. Ke4 g6 36. Nf4 Ng7 37. Nd3 Ne6 38. f4 Nc7 39. Nb4 1/2-1/2

[Event "Botvinnik 100th Open"]
[Site "St Petersburg RUS"]
[Date "2011.08.19"]
[Round "8"]
[White "Irinchinov, Vladimir"]
[Black "Khatenever, Feliks"]
[Result "1/2-1/2"]
[WhiteElo "2067"]
[BlackElo "1849"]
[WhiteFideId "24116165"]
[BlackFideId "4131800"]
[EventDate "2011.08.12"]

1. e4 e6 2. d4 d5 3. Nc3 dxe4 4. Nxe4 Nd7 5. Nf3 Ngf6 6. Ng3 c5 7. Be2 Qc7 8.
O-O Be7 9. Re1 O-O 10. c4 Nb6 11. Qc2 cxd4 12. Nxd4 Bd7 13. b3 Bb4 14. Rd1 Rfd8
15. Bb2 Rac8 16. Rac1 Qf4 17. Rd3 Be7 18. Bf3 Nbd5 19. Qb1 Nb4 20. Rdd1 b6 21.
a3 Nc6 22. Nge2 Qb8 23. g3 Nxd4 24. Nxd4 Be8 25. Re1 Qc7 26. Rcd1 a6 27. Bc1 e5
28. Nf5 Rxd1 29. Nxe7+ Qxe7 30. Rxd1 e4 31. Re1 Bc6 32. Bb2 Re8 33. Bg2 Qb7 34.
Bxf6 gxf6 35. Qb2 Re5 36. Re3 Qd7 37. Qc3 Qe7 38. Qd4 Qb7 39. b4 Kg7 40. g4 h6
41. h4 b5 1/2-1/2

[Event "Botvinnik 100th Open"]
[Site "St Petersburg RUS"]
[Date "2011.08.19"]
[Round "8"]
[White "Abramichev, Artyom"]
[Black "Rykov, Ivan2"]
[Result "1-0"]
[WhiteElo "2029"]
[BlackElo "1759"]
[WhiteFideId "4135520"]
[BlackFideId "24128520"]
[EventDate "2011.08.12"]

1. d4 c5 2. c3 cxd4 3. cxd4 d5 4. Bf4 Nc6 5. e3 Bf5 6. Nc3 Nf6 7. Qb3 Na5 8.
Qa4+ Bd7 9. Qc2 Nc6 10. a3 e6 11. Nf3 Be7 12. Bd3 O-O 13. Ne5 h6 14. g4 g5 15.
Bg3 Nxe5 16. Bxe5 Bc6 17. h4 Bd6 18. hxg5 hxg5 19. f3 Bxe5 20. dxe5 Nd7 21. Qh2
f5 22. Qh7# 1-0

[Event "Botvinnik 100th Open"]
[Site "St Petersburg RUS"]
[Date "2011.08.19"]
[Round "8"]
[White "Opanasenko, Mikhail"]
[Black "Uyanik, Mehmet"]
[Result "1-0"]
[WhiteElo "2017"]
[BlackElo "1719"]
[WhiteFideId "24176834"]
[BlackFideId "6363164"]
[EventDate "2011.08.12"]

1. e4 c5 2. Nf3 d6 3. d4 cxd4 4. Qxd4 Bd7 5. Bg5 Nc6 6. Qd2 h6 7. Bh4 Nf6 8. Nc3
e6 9. O-O-O a6 10. Bg3 e5 11. Bh4 g5 12. Bg3 Be6 13. Kb1 Qa5 14. Nd5 Qd8 15.
Nxf6+ Qxf6 16. Ne1 Rd8 17. Qe3 Bg7 18. f3 O-O 19. Be2 d5 20. Nd3 dxe4 21. fxe4
Rc8 22. h4 g4 23. h5 Qe7 24. c3 f6 25. Nc5 Rfd8 26. Nxe6 Qxe6 27. Bh4 b5 28. Qg3
Rxd1+ 29. Rxd1 f5 30. exf5 Qxf5+ 31. Ka1 Rf8 32. Bxg4 Qc2 33. Rg1 b4 34. Qe1 Rf4
35. Be6+ Kh8 36. Bg3 Re4 37. Qd1 Qxd1+ 38. Rxd1 bxc3 39. bxc3 Re3 40. Be1 e4 41.
Kb2 Re2+ 42. Kb3 Bf8 43. g4 a5 44. Bh4 Bg7 45. Rd6 Be5 46. Rxc6 Rh2 47. Bd8 e3
48. Bc4 a4+ 49. Kxa4 Bxc3 50. Rxh6+ Kg7 51. Rg6+ Kh7 52. Re6 1-0

[Event "Botvinnik 100th Open"]
[Site "St Petersburg RUS"]
[Date "2011.08.19"]
[Round "8"]
[White "Dzhavathanov, Magomed"]
[Black "Kazantsev, Alexandr"]
[Result "1-0"]
[WhiteElo "1794"]
[BlackElo "1958"]
[WhiteFideId "24106020"]
[BlackFideId "24181668"]
[EventDate "2011.08.12"]

1. e4 c5 2. Nf3 Nc6 3. Bb5 Nd4 4. Nxd4 cxd4 5. O-O a6 6. Bc4 Nf6 7. e5 d5 8. Bb3
Ng4 9. Qe2 g6 10. h3 Nh6 11. d3 e6 12. Bf4 Bd7 13. Nd2 g5 14. Bh2 g4 15. hxg4
Qg5 16. f3 Bb4 17. Rad1 Rc8 18. a3 Ba5 19. Rf2 Bxd2 20. Qxd2 Rg8 21. Bf4 1-0

[Event "Botvinnik 100th Open"]
[Site "St Petersburg RUS"]
[Date "2011.08.19"]
[Round "8"]
[White "Tantsov, Peter"]
[Black "Novoselov, Igor"]
[Result "0-1"]
[WhiteElo "1777"]
[BlackElo "1964"]
[WhiteFideId "24149489"]
[BlackFideId "24193950"]
[EventDate "2011.08.12"]

1. d4 Nf6 2. c4 d6 3. Nc3 g6 4. e4 Bg7 5. Nf3 O-O 6. Be2 Nc6 7. d5 Nb8 8. Rb1 e5
9. Bg5 h6 10. Be3 Ng4 11. O-O Nxe3 12. fxe3 b6 13. b4 Nd7 14. Nd2 a5 15. b5 Qg5
16. Rf3 h5 17. Rg3 Qh6 18. Bd3 Nc5 19. Bc2 h4 0-1

[Event "Botvinnik 100th Open"]
[Site "St Petersburg RUS"]
[Date "2011.08.19"]
[Round "8"]
[White "Zheleznaykov, Peter"]
[Black "Zakharov, Yuri"]
[Result "1-0"]
[WhiteElo "1962"]
[BlackElo "1878"]
[WhiteFideId "24104620"]
[BlackFideId "4166620"]
[EventDate "2011.08.12"]

1. d4 Nf6 2. c4 g6 3. Nc3 Bg7 4. e4 O-O 5. Bg5 d6 6. Be2 c6 7. Nf3 Nbd7 8. O-O
e5 9. d5 cxd5 10. cxd5 h6 11. Bd2 Nc5 12. Qc2 a5 13. a3 a4 14. Be3 Nb3 15. Rad1
Ng4 16. Bc1 Bd7 17. h3 Nxc1 18. Rxc1 Nf6 19. Bb5 Qa5 20. Bd3 Rfc8 21. Qe2 Nh5
22. Bc2 Nf4 23. Qd1 b5 24. Na2 Rc5 25. Kh1 Rac8 26. Nb4 Qb6 27. Rb1 Bf6 28. b3
axb3 29. Bxb3 Rc3 30. Qd2 Bxh3 31. Ne1 Bxg2+ 32. Nxg2 Rh3+ 33. Kg1 Rcc3 34. Nxf4
exf4 35. Kg2 Rxb3 36. Rxb3 Rxb3 37. Qxf4 Bg5 38. Qg4 Qd4 39. Nc6 Qd3 40. Rd1 Qc3
41. Nd4 Rb2 42. Qg3 Qc5 43. Rd3 Bf6 44. Nf5 Be5 45. Nxh6+ Kf8 46. Qf3 Qc7 47.
Ng4 Bg7 48. Nf6 Qe7 49. e5 dxe5 50. Nh7+ Kg8 51. d6 Qd8 52. Qh3 Qb6 53. Qh4 Qc6+
54. Kg3 Rxf2 55. Kxf2 Qc2+ 56. Ke3 e4 57. Rd2 Qc3+ 58. Ke2 Qf3+ 59. Ke1 Bc3 60.
Ng5 Bxd2+ 61. Kxd2 Qd3+ 62. Ke1 Qb1+ 63. Kf2 Qc2+ 64. Kf1 Qd1+ 65. Kf2 Qd2+ 66.
Kg1 Qd1+ 67. Kg2 Qd2+ 68. Kh3 Qd3+ 69. Qg3 e3 70. Qf3 f5 71. Qa8+ 1-0

[Event "Botvinnik 100th Open"]
[Site "St Petersburg RUS"]
[Date "2011.08.20"]
[Round "9"]
[White "Dvoirys, Semen I."]
[Black "Khismatullin, Denis"]
[Result "1/2-1/2"]
[WhiteTitle "GM"]
[BlackTitle "GM"]
[WhiteElo "2554"]
[BlackElo "2656"]
[WhiteFideId "4100379"]
[BlackFideId "4142578"]
[EventDate "2011.08.12"]

1. e4 e5 2. Nf3 Nc6 3. Bb5 Nf6 4. O-O Nxe4 5. Re1 Nd6 6. Nxe5 Be7 7. Bf1 Nf5 8.
Nf3 O-O 9. d4 d5 10. c3 Bd6 11. g3 h6 12. Bg2 Be6 13. a4 Qd7 14. b4 Nfe7 15.
Nbd2 Bh3 16. Bh1 Ng6 17. Nf1 Rfe8 18. Ra2 Rxe1 19. Nxe1 Nce7 20. Ne3 c6 21. Qh5
Be6 22. Nd3 a5 23. Nc5 Bxc5 24. bxc5 Re8 25. Qd1 Bh3 26. Bf3 Nf8 27. Rb2 Nf5 28.
Ng2 Ne6 29. Nf4 Nxf4 30. Bxf4 Re6 31. Re2 Ne7 32. Rxe6 Bxe6 33. h4 Nc8 34. Qe1
Bf5 35. Qe5 Bc2 36. Qc7 Qxc7 37. Bxc7 Bxa4 38. Bxa5 Bc2 39. Kf1 Ne7 40. Ke2 Kf8
41. Kd2 Bf5 42. Bc7 Be6 43. Be2 Ke8 44. h5 Kd7 45. Be5 f6 46. Bb8 Ke8 47. Ke3
Bf5 48. Kf4 Be6 49. Bc7 Kd7 50. Bd6 Ke8 51. Bd3 Bf7 52. g4 Be6 53. f3 Kf7 54.
Ke3 Bd7 55. Kf2 Be6 56. Bf4 Ke8 57. Ke3 Kd7 58. Be2 Bg8 59. Kd2 Bh7 60. Kc1 Nc8
61. Kb2 Kd8 62. Bg3 Ke7 63. Ka3 Ke8 64. Kb4 Ke7 65. Bf1 Kd8 66. Ka5 Bc2 67. Be2
Bh7 68. Bh4 Ke7 69. Kb4 Kd7 70. Bg3 Ke7 71. Bf1 Bc2 72. Be2 Bh7 73. Bf1 Bc2 74.
c4 dxc4 75. Kxc4 Bh7 76. Kc3 Bg8 77. Kd2 Bd5 78. Ke3 b5 79. cxb6 Nxb6 80. Be1
Bc4 81. Bxc4 1/2-1/2

[Event "Botvinnik 100th Open"]
[Site "St Petersburg RUS"]
[Date "2011.08.20"]
[Round "9"]
[White "Ponkratov, Pavel"]
[Black "Aleksandrov, Aleksej"]
[Result "1/2-1/2"]
[WhiteTitle "GM"]
[BlackTitle "GM"]
[WhiteElo "2593"]
[BlackElo "2609"]
[WhiteFideId "4157800"]
[BlackFideId "13500139"]
[EventDate "2011.08.12"]

1. e4 e5 2. Nf3 Nc6 3. Bc4 Bc5 4. c3 Nf6 5. d4 exd4 6. cxd4 Bb4+ 7. Nbd2 Nxe4 8.
d5 Ne7 9. O-O Nxd2 10. Bxd2 Bxd2 11. d6 cxd6 12. Qxd2 d5 13. Bxd5 O-O 14. Bb3 d5
15. Rfe1 a5 16. Rad1 Ra6 17. Bxd5 Nxd5 18. Qxd5 Qxd5 19. Rxd5 Be6 20. Rb5 Bxa2
21. b3 a4 22. bxa4 Rxa4 23. Rxb7 Bd5 24. Rbe7 Bxf3 25. gxf3 g6 26. Re8 Rxe8 27.
Rxe8+ Kg7 28. Re3 Ra5 29. Re2 Ra4 30. Re3 Ra5 31. Re2 Ra4 32. Re3 1/2-1/2

[Event "Botvinnik 100th Open"]
[Site "St Petersburg RUS"]
[Date "2011.08.20"]
[Round "9"]
[White "Kuzubov, Yuriy"]
[Black "Popov, Valerij"]
[Result "1/2-1/2"]
[WhiteTitle "GM"]
[BlackTitle "GM"]
[WhiteElo "2630"]
[BlackElo "2550"]
[WhiteFideId "14112906"]
[BlackFideId "4119410"]
[EventDate "2011.08.12"]

1. e4 c5 2. Nf3 Nc6 3. Bb5 g6 4. O-O Bg7 5. Re1 e5 6. d3 Nge7 7. c3 O-O 8. Nbd2
d6 9. Nf1 h6 10. a3 a6 11. Ba4 b5 12. Bc2 d5 13. Ng3 d4 14. cxd4 cxd4 15. Bb3
Qd6 16. Bd2 Be6 17. Bxe6 Qxe6 18. h4 Nc8 19. h5 Nb6 20. Rc1 Rac8 21. Nh2 Na4 22.
Rc2 Kh7 23. Ng4 Ne7 24. Rxc8 Rxc8 25. Bc1 Nc5 26. Nh2 Qb3 27. Qf3 Nxd3 28. Bd2
Rc2 29. Rd1 Rxb2 30. Ng4 Nc5 31. hxg6+ fxg6 32. Bb4 Qxf3 33. gxf3 Rc2 34. Nf1 h5
35. Nge3 dxe3 36. Nxe3 Ra2 37. Bxc5 Nc6 38. Rd7 Nd4 39. Nd5 Kh6 40. Kg2 a5 41.
Ra7 Rc2 42. Bb6 a4 43. Ne7 Kh7 44. Nd5 Kh6 45. Ne7 Kh7 46. Nd5 Rc8 47. Bc7 Re8
48. Rb7 g5 49. Bd6 Kh6 50. Be7 Bf8 51. Rb6+ Kg7 52. Bf6+ Kf7 53. Rb7+ Kg6 54.
Nc7 Kxf6 55. Nxe8+ Ke6 56. Nc7+ Kd6 57. Nxb5+ Kc6 58. Rb8 Nxb5 59. Rxf8 Nxa3 60.
Rf5 Nc2 61. Rxe5 Kb6 62. Re8 Kb7 63. Re5 Kb6 64. Re8 Kb7 65. Re5 Kb6 66. Rxg5 a3
67. Kh3 a2 68. Rg1 a1=Q 69. Rxa1 Nxa1 70. Kh4 Kc5 71. f4 Nb3 72. f5 Kd4 73. f3
Nd2 74. f6 Nxf3+ 75. Kxh5 Ne5 1/2-1/2